Sociologie du travail salarié (notice n° 1925446)
[ vue normale ]
| 000 -LEADER | |
|---|---|
| fixed length control field | 01583cam a2200133 4500500 |
| 005 - DATE AND TIME OF LATEST TRANSACTION | |
| control field | 20260329023211.0 |
| 041 ## - LANGUAGE CODE | |
| Language code of text/sound track or separate title | fre |
| 042 ## - AUTHENTICATION CODE | |
| Authentication code | dc |
| 100 10 - MAIN ENTRY--PERSONAL NAME | |
| Personal name | Monchatre, Sylvie |
| Relator term | author |
| 245 00 - TITLE STATEMENT | |
| Title | Sociologie du travail salarié |
| 260 ## - PUBLICATION, DISTRIBUTION, ETC. | |
| Name of publisher, distributor, etc. | Armand Colin,<br/> |
| Date of publication, distribution, etc. | 2021.<br/> |
| 520 ## - SUMMARY, ETC. | |
| Summary, etc. | Que dit la sociologie du travail du travail salarié ? Cette question se pose car le salariat tend à être étudié en dehors de la sociologie du travail « classique », sous l’angle de la protection sociale ou de l’activité. Or la sociologie du travail est riche d’une tradition qui gagne à être redécouverte. À rebours des thèses qui annoncent le déclin d’un salariat rattrapé par la montée de l’entrepreneuriat, elle invite à le saisir au-delà de ses formes juridiques et institutionnelles et à changer de regard à son sujet. C’est ce que propose cet ouvrage, qui rend compte des débats suscités par le travail salarié au sein de la discipline. Il fait le point sur la pluralité des formes de mobilisation du travail et sur les mutations de l’organisation de la production des biens et des services. De plus, parce que le travail salarié n’est pas qu’une affaire d’homme blanc chef de famille, l’ouvrage donne à voir une dynamique salariale en plein essor, qui percute l’ordre social, national et sexué. Cette sociologie du travail salarié permet ainsi de saisir combien il contribue à la mise en mouvement des sociétés. |
| 856 41 - ELECTRONIC LOCATION AND ACCESS | |
| Uniform Resource Identifier | <a href="https://shs.cairn.info/sociologie-du-travail-salarie--9782200630539?lang=fr&redirect-ssocas=7080">https://shs.cairn.info/sociologie-du-travail-salarie--9782200630539?lang=fr&redirect-ssocas=7080</a> |
Pas d'exemplaire disponible.




Réseaux sociaux